The Earlier the Better Quiz Stats

 Plays Quiz Updated Feb 6, 2017

Challenge
Share
Tweet
Embed
Score 0/24 Timer 05:00
0 Plays Today
# Clue/Answer % Correct
Go ->???
97.8%
Go ->???
92.8%
Go ->???
92.2%
10.???
91.5%
9.???
89.9%
8.???
88.1%
5.???
87.9%
4.???
81.5%
Go ->???
70.6%
3.???
65.4%
7.???
61.7%
20.???
56.3%
# Clue/Answer % Correct
19.???
53.4%
15.???
51.9%
18.???
45.3%
14.???
42.4%
6.???
35.2%
17.???
31%
2.???
29%
13.???
27.2%
12.???
21.7%
1.???
16.8%
16.???
16.1%
11.???
6.8%

You're not logged in!

Compare scores with friends on all Sporcle quizzes.
Join for Free
OR
Log In

You Might Also Like...

Show Comments

Extras

Top Quizzes Today


Score Distribution

Your Account Isn't Verified!

In order to create a playlist on Sporcle, you need to verify the email address you used during registration. Go to your Sporcle Settings to finish the process.

Report this User

Report this user for behavior that violates our Community Guidelines.

Details: